000 00595nam a2200217Ii 4500
003 JO-AjNU
008 230606s9999||||xx |||||||||||||| ||und||
020 _a978-0-19-957919-8
040 _aJO-AjNU
_beng
_erda
_cJO-AjNU
041 _aeng
050 1 4 _aKD3009.3 2010
100 3 _aDuncan, Nigel,
_eauthor
_91691
245 0 0 _aEmployment law in practice
250 _a9th ed
264 3 1 _alondon:Oxford University Press,2010
300 _a339p
336 _atext
_btxt
_2rdacontent
337 _aunmediated
_bn
_2rdamedia
338 _avolume
_bnc
_2rdacarrier
650 4 _acompany law
_91692
999 _aE890
_c890
_d890